|
|
|
|
| LEADER |
00000nab a2200000uu 4500 |
| 001 |
vtls011149675 |
| 003 |
SK-MaSNL |
| 005 |
20260304013256.0 |
| 008 |
230131|2009 xo |||||||||||||||||cze| |
| 015 |
|
|
|a SNBRB
|
| 035 |
|
|
|a (urnnbn)urn:nbn:sk:snk:ar-a09zbb
|
| 035 |
|
|
|a (uuid)c561003d-5b33-45b7-b919-7cb754d5c035
|
| 035 |
|
|
|a urn:nbn:sk:snk-abazi4
|
| 040 |
|
|
|a SNKBUCL
|b slo
|c SNKBUCL
|e AACR2
|
| 041 |
0 |
|
|a cze
|
| 044 |
|
|
|a xo
|c SK
|
| 100 |
1 |
|
|a Carter, B. L.
|4 aut
|9 1294047
|
| 245 |
1 |
0 |
|a Zlepšení kontroly krevního tlaku jako výsledek spolupráce lékaře a farmaceuta
|c B. L. Carter
|
| 773 |
0 |
|
|t Vnitřní lékařství : časopis Internistické sekce Československé lékařské společnosti J. E. Purkyně
|g Roč. 55, č. 4 (2009), s. 389-394
|
| 954 |
|
|
|a odborná, vedecká literatúra cudzojazyčná (svetová)
|2 lita
|
| 958 |
|
|
|a OND
|
| 958 |
|
|
|a EUIPO
|
| 958 |
|
|
|a article14
|
| 999 |
|
|
|c 2575151
|d 2577081
|